00630nam a22001931 450000100060000000300080000600500170001400800410003103500190007204000320009104100080012308200200013110000240015124500990017526000370027430000420031150400410035365100420039428221BD-RjUL20211209051243.0140329s1967 enkab b 001 0 eng d a(BD-RjUL)28302 aDLCcDLCdDLCdBD-RjULbeng aeng00a973.9bADA 19671 aAdams, David Keith.10aAmerica in the twentieth century :ba study of the United States since 1917 /cby D. K. Adams. aLondon :bCambridge U.P.,c1967. aviii, 264 p. :bmaps, tables.c22 cm. aBibliography: p. 251-254. and index. 0aUnited StatesxHistoryy20th century.